| 000 | 00952nam a22002657a 4500 | ||
|---|---|---|---|
| 005 | 20170123162340.0 | ||
| 010 | _aA-949250 | ||
| 020 | _c46.00 | ||
| 035 | _aA-949250 | ||
| 037 | _bCen Lib/Ret | ||
| 040 |
_aDPL _bUR |
||
| 082 |
_a615.54 _bم ح م |
||
| 100 |
_aمحمّد مستان علی _9126934 |
||
| 245 |
_aیونانی دواسازی عملالادویہ / _bمحمّد مستان علی |
||
| 246 |
_aUnani dawa sazi ilmul adviya / _bby Mohammad Mastan Ali |
||
| 260 |
_aنیی دہلی _bقومی کونسل برائی فروغ اردو زبان _c1997 |
||
| 270 |
_bنیی دہلی _aویسٹ بولکک ١، ار.کے. پرم _e110066 |
||
| 300 |
_a236p. _c21cm(Hb) |
||
| 500 | _aاشاریہ | ||
| 650 |
_a میڈیکل سائنس _9646 |
||
| 650 |
_aیونانی علاج _9109143 |
||
| 650 |
_aMedical science _9126935 |
||
| 650 |
_aUnani traetment _9126936 |
||
| 942 |
_2ddc _cUR _h615.54 _mم ح م |
||
| 999 |
_c108478 _d108478 |
||